Evangelical Baptist convention Shillong : (Record no. 11104)

MARC details
000 -LEADER
fixed length control field 00496nam a22001577a 4500
003 - CONTROL NUMBER IDENTIFIER
control field GBCCL
005 - DATE AND TIME OF LATEST TRANSACTION
control field 20251209143420.0
008 - FIXED-LENGTH DATA ELEMENTS--GENERAL INFORMATION
fixed length control field 251209b |||||||| |||| 00| 0 eng d
040 ## - CATALOGING SOURCE
Transcribing agency GBC
082 ## - DEWEY DECIMAL CLASSIFICATION NUMBER
Classification number SOU SHI
Item number 2024
245 ## - TITLE STATEMENT
Title Evangelical Baptist convention Shillong :
Remainder of title silver jubilee souvenir, 1999-2024
260 ## - PUBLICATION, DISTRIBUTION, ETC.
Place of publication, distribution, etc. Shillong :
Name of publisher, distributor, etc. Silver jubilee celebration sub-committee,
Date of publication, distribution, etc. 2024
300 ## - PHYSICAL DESCRIPTION
Extent 173p. ;
650 ## - SUBJECT ADDED ENTRY--TOPICAL TERM
Topical term or geographic name entry element Souvenir
Form subdivision Evangelical Baptist convention
Geographic subdivision Shillong
942 ## - ADDED ENTRY ELEMENTS (KOHA)
Source of classification or shelving scheme Dewey Decimal Classification
Koha item type Archives
Suppress in OPAC No
Holdings
Withdrawn status Lost status Source of classification or shelving scheme Damaged status Not for loan Home library Current Library Shelving location Date acquired Total checkouts Full call number Barcode Date last seen Copy number Price effective from Koha item type
    Dewey Decimal Classification     GRACE BIBLE COLLEGE GRACE BIBLE COLLEGE Archives 2025-12-09   SOU SHI 2024 250326 2025-12-09 c.1 2025-12-09 Archives
© Grace Bible College Library 2025